Introducing public administration / (Record no. 26818)
[ view plain ]
| 000 -LEADER | |
|---|---|
| fixed length control field | 00948cam a22003015a 4500 |
| 001 - CONTROL NUMBER | |
| control field | 015607127 |
| 003 - CONTROL NUMBER IDENTIFIER | |
| control field | Uk |
| 005 - DATE AND TIME OF LATEST TRANSACTION | |
| control field | 20180717114527.0 |
| 008 - FIXED-LENGTH DATA ELEMENTS--GENERAL INFORMATION | |
| fixed length control field | 100714t2011 maua frb 001 0 eng d |
| 015 ## - NATIONAL BIBLIOGRAPHY NUMBER | |
| National bibliography number | GBB087568 |
| Source | bnb |
| 016 7# - NATIONAL BIBLIOGRAPHIC AGENCY CONTROL NUMBER | |
| Record control number | 015607127 |
| Source | Uk |
| 020 ## - INTERNATIONAL STANDARD BOOK NUMBER | |
| International Standard Book Number | 9780205008063 (pbk.) |
| 020 ## - INTERNATIONAL STANDARD BOOK NUMBER | |
| International Standard Book Number | 0205008062 (pbk.) |
| 040 ## - CATALOGING SOURCE | |
| Original cataloging agency | StDuBDS |
| Language of cataloging | eng |
| Transcribing agency | StDuBDS |
| Modifying agency | Uk |
| -- | EG-ScBUE |
| 082 04 - DEWEY DECIMAL CLASSIFICATION NUMBER | |
| Classification number | 351 |
| Item number | SHA |
| Edition number | 22 |
| 100 10 - MAIN ENTRY--PERSONAL NAME | |
| Personal name | Shafritz, Jay M. |
| 245 10 - TITLE STATEMENT | |
| Title | Introducing public administration / |
| Statement of responsibility, etc | Jay M. Shafritz, E. W. Russell, Christopher P. Borick. |
| 250 ## - EDITION STATEMENT | |
| Edition statement | 7th ed., International ed. |
| 260 ## - PUBLICATION, DISTRIBUTION, ETC. (IMPRINT) | |
| Place of publication, distribution, etc | Boston : |
| Name of publisher, distributor, etc | Longman / Pearson, |
| Date of publication, distribution, etc | c.2011. |
| 300 ## - PHYSICAL DESCRIPTION | |
| Extent | xx, 568 p. : |
| Other physical details | ill. ; |
| Dimensions | 24 cm. |
| 504 ## - BIBLIOGRAPHY, ETC. NOTE | |
| Bibliography, etc | Includes bibliographical references and index. |
| 650 #7 - SUBJECT ADDED ENTRY--TOPICAL TERM | |
| Topical term or geographic name as entry element | Public administration |
| Form subdivision | Textbooks. |
| Source of heading or term | BUEsh |
| 651 ## - SUBJECT ADDED ENTRY--GEOGRAPHIC NAME | |
| Source of heading or term | BUEsh |
| 653 ## - INDEX TERM--UNCONTROLLED | |
| Resource For college | BAEPS, Business Administration |
| Arrived date list | July2018 |
| 700 1# - ADDED ENTRY--PERSONAL NAME | |
| Personal name | Russell, E. W. |
| Fuller form of name | (Edward W.) |
| 700 1# - ADDED ENTRY--PERSONAL NAME | |
| Personal name | Borick, Christopher P. |
| 942 ## - ADDED ENTRY ELEMENTS (KOHA) | |
| Source of classification or shelving scheme | Dewey Decimal Classification |
| Withdrawn status | Item status | Source of classification or shelving scheme | Damaged status | Not for loan | Vendor | Home library | Current library | Shelving location | Date acquired | Source of acquisition | Total Checkouts | Total Renewals | Full call number | Barcode | Date last seen | Date last borrowed | Koha item type | Public note | Materials specified (bound volume or other part) |
|---|---|---|---|---|---|---|---|---|---|---|---|---|---|---|---|---|---|---|---|
| Dewey Decimal Classification | Baccah | Central Library | Central Library | First floor | 10/10/2011 | Purchase | 5 | 22 | 351 SHA | 000056921 | 15/07/2025 | 24/09/2013 | Book - Borrowing | Replaced with 000025285 | |||||
| Lost | Dewey Decimal Classification | Baccah | Central Library | Central Library | First floor | 10/10/2011 | 10 | 351 SHA | 000025286 | 23/10/2012 | 22/10/2012 | NB - Book (Non borrowing) | Lost In Inventory_2015-8-23 | ||||||
| Lost | Dewey Decimal Classification | Baccah | Central Library | Central Library | First floor | 10/10/2011 | 6 | 15 | 351 SHA | 000025287 | 10/10/2013 | 26/09/2013 | Book - Borrowing | Lost In Inventory_2015-8-23 | |||||
| Dewey Decimal Classification | Baccah | Central Library | Central Library | First floor | 10/10/2011 | 12 | 32 | 351 SHA | 000025288 | 15/07/2025 | 10/12/2015 | Book - Borrowing | |||||||
| Dewey Decimal Classification | Baccah | Central Library | Central Library | First floor | 10/10/2011 | 7 | 28 | 351 SHA | 000025289 | 15/07/2025 | 30/09/2015 | Book - Borrowing | |||||||
| Dewey Decimal Classification | unknown | Central Library | Central Library | First floor | 17/07/2018 | Purchase | 1 | 20 | 351 SHA | 000043464 | 15/07/2025 | 26/09/2018 | Book - Borrowing |